000 00402nam a2200145Ia 4500
005 20250424120224.0
008 250424s9999 xx 000 0 und d
022 _a1092776X
050 _aHC 101 .A635/
245 0 _aAnnual editions: economics
260 _aBoston
300 _axvi. , 191 p. : ill. ; 28 cm.
650 _aEconomic history--1945---Periodicals. Economics--Periodicals.
942 _cSR
999 _c38080
_d38080